[Event "Mecklenburg VP LL2 Ost 1415"]
[Site "Mecklenburg VP"]
[Date "2014.11.23"]
[Round "3.1"]
[White "Bigalke, Steffen"]
[Black "Patzenhauer, Max"]
[Result "1/2-1/2"]
[WhiteElo "1795"]
[BlackElo "1918"]
[PlyCount "51"]
[EventDate "2014.09.21"]
[EventType "team-tourn"]
[EventRounds "9"]
[EventCountry "GER"]
[SourceTitle "EXT 2022"]
[Source "ChessBase"]
[SourceDate "2021.10.06"]
[SourceVersion "1"]
[SourceVersionDate "2021.10.06"]
[SourceQuality "1"]
[WhiteTeam "Torgelow Droegeheide II"]
[BlackTeam "Wolgast Motor"]
[WhiteTeamCountry "GER"]
[BlackTeamCountry "GER"]

1. e4 e6 2. d4 d5 3. Nc3 Nf6 4. Bg5 dxe4 5. Nxe4 Nbd7 6. Bd3 Be7 7. Qe2 Nxe4 8. Bxe7 Qxe7 9. Bxe4 0-0 10. Nf3 Nf6 11. Bd3 c5 12. dxc5 Qxc5 13. 0-0 Bd7 14. Rfd1 Qh5 15. Ne5 Qxe2 16. Bxe2 Rfd8 17. Bf3 Rab8 18. Rd2 Kf8 19. Rad1 Ke7 20. c4 b6 21. Bc6 Be8 22. Bxe8 Rxd2 23. Rxd2 Kxe8 24. f3 Rc8 25. b3 Rc7 26. Kf2 1/2-1/2

[Event "Mecklenburg VP LL2 Ost 1415"]
[Site "Mecklenburg VP"]
[Date "2014.11.09"]
[Round "2.1"]
[White "Dao Xuan, Duong"]
[Black "Bigalke, Steffen"]
[Result "1/2-1/2"]
[WhiteElo "1740"]
[BlackElo "1795"]
[PlyCount "89"]
[EventDate "2014.09.21"]
[EventType "team-tourn"]
[EventRounds "9"]
[EventCountry "GER"]
[SourceTitle "EXT 2022"]
[Source "ChessBase"]
[SourceDate "2021.10.06"]
[SourceVersion "1"]
[SourceVersionDate "2021.10.06"]
[SourceQuality "1"]
[WhiteTeam "Neubrandenburg SG Eintracht III"]
[BlackTeam "Torgelow Droegeheide II"]
[WhiteTeamCountry "GER"]
[BlackTeamCountry "GER"]

1. e4 e6 2. d4 d5 3. Nc3 dxe4 4. Nxe4 Bd7 5. Nf3 Bc6 6. Nc3 Bxf3 7. Qxf3 c6 8. Ne2 Nf6 9. Bg5 Qa5+ 10. Bd2 Qb6 11. 0-0-0 Nbd7 12. Qb3 Bd6 13. f3 Qxb3 14. axb3 Ke7 15. c4 c5 16. Bc3 cxd4 17. Nxd4 Rhc8 18. g3 a6 19. Bg2 Bc5 20. Rhe1 g6 21. f4 Rab8 22. f5 gxf5 23. Nxf5+ Kf8 24. Nd6 Bxd6 25. Rxd6 b5 26. Rf1 Ke7 27. Bxf6+ Kxd6 28. Rd1+ Kc7 29. Be7 Rb6 30. c5 Rc6 31. Bxc6 Kxc6 32. Rd6+ Kc7 33. Rxa6 Kb7 34. Ra5 b4 35. Rb5+ Ka6 36. Rxb4 Nxc5 37. Bxc5 Rxc5+ 38. Kd2 Rh5 39. h4 Rd5+ 40. Ke2 Re5+ 41. Kf2 Rd5 42. Ke2 Re5+ 43. Kd2 Rd5+ 44. Kc2 Re5 45. Kd2 1/2-1/2

[Event "Mecklenburg VP VL 1112"]
[Site "Mecklenburg VP"]
[Date "2011.11.20"]
[Round "3.8"]
[White "Bigalke, Steffen"]
[Black "Popp, Michael"]
[Result "1-0"]
[WhiteElo "1809"]
[BlackElo "1642"]
[PlyCount "49"]
[EventDate "2011.10.02"]
[EventType "team-tourn"]
[EventRounds "9"]
[EventCountry "GER"]
[SourceTitle "EXT 2022"]
[Source "ChessBase"]
[SourceDate "2021.10.06"]
[SourceVersion "1"]
[SourceVersionDate "2021.10.06"]
[SourceQuality "1"]
[WhiteTeam "Torgelow Droegeheide"]
[BlackTeam "Schwerin SF"]
[WhiteTeamCountry "GER"]
[BlackTeamCountry "GER"]

1. e4 e5 2. Nf3 Nc6 3. Nc3 Nf6 4. d4 exd4 5. Nd5 Nxe4 6. Qe2 f5 7. Ng5 d3 8. cxd3 Nd4 9. Qh5+ g6 10. Qh4 Nc2+ 11. Kd1 Nxa1 12. dxe4 c6 13. exf5 cxd5 14. Bd3 Qf6 15. Re1+ Be7 16. fxg6 h6 17. g7 Qxg7 18. Qh5+ Kf8 19. Nh7+ Rxh7 20. Bxh7 Qd4+ 21. Bd2 d6 22. Qxh6+ Ke8 23. Qxd6 Qg7 24. Bg6+ Kf8 25. Qd8+ 1-0

[Event "Mecklenburg VP VL 1011"]
[Site "Mecklenburg VP"]
[Date "2011.01.23"]
[Round "6"]
[White "Bigalke, Steffen"]
[Black "Schroeder, Christian"]
[Result "1/2-1/2"]
[WhiteElo "1742"]
[BlackElo "1842"]
[PlyCount "71"]
[EventDate "2010.10.10"]
[EventType "team-tourn"]
[EventRounds "9"]
[EventCountry "GER"]
[SourceTitle "EXT 2022"]
[Source "ChessBase"]
[SourceDate "2021.10.06"]
[SourceVersion "1"]
[SourceVersionDate "2021.10.06"]
[SourceQuality "1"]
[WhiteTeam "Torgelow Droegeheide"]
[BlackTeam "Rostock HSG Uni"]
[WhiteTeamCountry "GER"]
[BlackTeamCountry "GER"]

1. e4 c5 2. Nc3 Nc6 3. g3 g6 4. Bg2 Bg7 5. d3 e6 6. f4 Nge7 7. Nf3 0-0 8. 0-0 d5 9. e5 a6 10. Ne2 b5 11. d4 Qb6 12. Be3 c4 13. g4 Bd7 14. c3 b4 15. Ng3 Rab8 16. Qc1 Rb7 17. Rf2 Rfb8 18. Nh4 f5 19. gxf5 exf5 20. Nf3 Be6 21. h4 Nd8 22. h5 Bf7 23. Ng5 Ne6 24. hxg6 hxg6 25. Nxf7 Kxf7 26. Bf1 a5 27. Qd2 Nc6 28. Bxc4 dxc4 29. d5 Qc7 30. dxe6+ Kxe6 31. Rd1 Rd8 32. Qc2 Rbb8 33. Rfd2 Rxd2 34. Rxd2 Bf8 35. Ne2 Be7 36. Nd4+ 1/2-1/2

[Event "Mecklenburg VP LL 0910"]
[Site "Mecklenburg VP"]
[Date "2010.03.28"]
[Round "6.8"]
[White "Bigalke, Steffen"]
[Black "Herde, Dittmar"]
[Result "1/2-1/2"]
[WhiteElo "1821"]
[BlackElo "1798"]
[PlyCount "81"]
[EventDate "2009.10.18"]
[EventType "team-tourn"]
[EventRounds "9"]
[EventCountry "GER"]
[SourceTitle "EXT 2016"]
[Source "ChessBase"]
[SourceDate "2015.10.08"]
[SourceVersion "1"]
[SourceVersionDate "2015.10.08"]
[SourceQuality "1"]
[WhiteTeam "Torgelow Droegeheide"]
[BlackTeam "Rostock SSC 07 II"]
[WhiteTeamCountry "GER"]
[BlackTeamCountry "GER"]

1. e4 c5 2. Nc3 d6 3. g3 Nf6 4. f4 Nc6 5. Bg2 g6 6. Nf3 Bg4 7. h3 Bxf3 8. Bxf3 Rc8 9. 0-0 Bg7 10. d3 0-0 11. Be3 e6 12. Qd2 b6 13. g4 d5 14. Bf2 dxe4 15. Nxe4 Nxe4 16. Bxe4 Bxb2 17. Rab1 Bd4 18. f5 exf5 19. gxf5 Qh4 20. Kg2 Bxf2 21. Rxf2 Nd4 22. Rg1 Kh8 23. Rf4 Qh6 24. Qf2 gxf5 25. Bxf5 Nxf5 26. Rxf5 Rg8+ 27. Kh2 Qd6+ 28. Kh1 Qc6+ 29. Kh2 Rxg1 30. Kxg1 Rg8+ 31. Kh2 Qd6+ 32. Kh1 Qd5+ 33. Kh2 Qd6+ 34. Kh1 Qg3 35. Qxg3 Rxg3 36. Rxf7 Rxh3+ 37. Kg2 Re3 38. Kf2 Rh3 39. Kg2 Re3 40. Kf2 Rh3 41. Kg2 1/2-1/2

[Event "Rostock op"]
[Site "Rostock"]
[Date "2009.08.27"]
[Round "1"]
[White "Bigalke, Steffen"]
[Black "Bardosch, Karl"]
[Result "1-0"]
[WhiteElo "1978"]
[BlackElo "1266"]
[PlyCount "55"]
[EventDate "2009.08.27"]
[EventType "swiss"]
[EventRounds "7"]
[EventCountry "GER"]
[SourceTitle "CBM 132 Extra"]
[Source "ChessBase"]
[SourceDate "2009.11.03"]
[SourceVersion "1"]
[SourceVersionDate "2009.11.03"]
[SourceQuality "1"]

1. f4 d5 2. Nf3 Nc6 3. g3 Nf6 4. Bg2 e6 5. 0-0 Bd6 6. h3 0-0 7. d3 Nh5 8. Kh2 Qf6 9. Ng1 Bd7 10. e4 Qg6 11. g4 Nxf4 12. Bxf4 Bxf4+ 13. Rxf4 dxe4 14. Bxe4 Qg5 15. Qc1 e5 16. Rf1 Qxc1 17. Rxc1 f5 18. gxf5 Nd4 19. Nc3 Bxf5 20. Bxb7 Rab8 21. Bd5+ Kh8 22. Bb3 Bg6 23. Rf1 c5 24. Kg2 h6 25. Rxf8+ Rxf8 26. Ne4 Rc8 27. Nf3 Kh7 28. Re1 1-0

[Event "Rostock op"]
[Site "Rostock"]
[Date "2009.08.27"]
[Round "2"]
[White "Peschel, Andreas"]
[Black "Bigalke, Steffen"]
[Result "1-0"]
[WhiteElo "2191"]
[BlackElo "1978"]
[PlyCount "65"]
[EventDate "2009.08.27"]
[EventType "swiss"]
[EventRounds "7"]
[EventCountry "GER"]
[SourceTitle "CBM 132 Extra"]
[Source "ChessBase"]
[SourceDate "2009.11.03"]
[SourceVersion "1"]
[SourceVersionDate "2009.11.03"]
[SourceQuality "1"]

1. d4 d6 2. Nf3 Nf6 3. g3 g6 4. Bg2 Bg7 5. b3 Nc6 6. Bb2 e5 7. d5 Ne7 8. c4 0-0 9. Nc3 h6 10. c5 e4 11. cxd6 Qxd6 12. Nd2 e3 13. fxe3 Nfxd5 14. Nxd5 Bxb2 15. Nc4 Nxd5 16. Nxd6 Nxe3 17. Qb1 Bxa1 18. Bxb7 cxd6 19. Bxa8 d5 20. Kd2 Bd4 21. Rf1 Bf5 22. Rxf5 gxf5 23. Bb7 Kg7 24. Kd3 Bb6 25. a4 Ng4 26. b4 Rb8 27. Ba6 Nf2+ 28. Kc2 Ne4 29. Qf1 Nf2 30. Qa1+ f6 31. a5 Bc7 32. Qd4 Ng4 33. Qxa7 1-0

[Event "Mecklenburg VP-ch"]
[Site "Greifswald"]
[Date "2009.04.12"]
[Round "7.9"]
[White "Bigalke, Steffen"]
[Black "Nauschuetz, Ernst"]
[Result "1-0"]
[WhiteElo "1958"]
[BlackElo "1864"]
[PlyCount "91"]
[EventDate "2009.04.09"]
[EventType "swiss"]
[EventRounds "9"]
[EventCountry "GER"]
[SourceTitle "EXT 2022"]
[Source "ChessBase"]
[SourceDate "2021.10.06"]
[SourceVersion "1"]
[SourceVersionDate "2021.10.06"]
[SourceQuality "1"]

1. e4 c5 2. Nc3 e6 3. g3 b6 4. Bg2 Bb7 5. f4 Nc6 6. d3 d6 7. Nf3 g6 8. 0-0 Bg7 9. Be3 Nge7 10. Qd2 d5 11. exd5 exd5 12. d4 c4 13. Ne2 0-0 14. c3 Bc8 15. h3 h5 16. Nh2 a5 17. g4 hxg4 18. hxg4 f5 19. g5 Rb8 20. Nf3 b5 21. a3 b4 22. axb4 axb4 23. Ne5 Be6 24. Ra6 Rb6 25. Rxb6 Qxb6 26. Nxc4 dxc4 27. d5 Qb5 28. dxe6 Rd8 29. Nd4 Nxd4 30. Bxd4 Bxd4+ 31. cxd4 Qb6 32. Rd1 Qxe6 33. Qxb4 Nc6 34. Bxc6 Qxc6 35. Qe7 Re8 36. Qf6 Re6 37. d5 Qc5+ 38. Qd4 Re1+ 39. Kf2 Qxd4+ 40. Rxd4 Re8 41. Rxc4 Rb8 42. b4 Kf7 43. Ke3 Ke7 44. Kd4 Kd6 45. Rc6+ Kd7 46. Kc5 1-0

[Event "Mecklenburg VP-ch"]
[Site "Greifswald"]
[Date "2009.04.09"]
[Round "1.14"]
[White "Bigalke, Steffen"]
[Black "Priss, Wolfgang"]
[Result "1/2-1/2"]
[WhiteElo "1958"]
[BlackElo "1429"]
[PlyCount "47"]
[EventDate "2009.04.09"]
[EventType "swiss"]
[EventRounds "9"]
[EventCountry "GER"]
[SourceTitle "EXT 2022"]
[Source "ChessBase"]
[SourceDate "2021.10.06"]
[SourceVersion "1"]
[SourceVersionDate "2021.10.06"]
[SourceQuality "1"]

1. e4 e5 2. Nf3 Nc6 3. Nc3 Nf6 4. d4 exd4 5. Nd5 d6 6. Bd3 Be7 7. Bd2 Be6 8. Nxf6+ Bxf6 9. Qe2 a6 10. 0-0-0 Qd7 11. Bc4 0-0-0 12. Bg5 Qe7 13. Bxf6 Qxf6 14. Kb1 Bg4 15. h3 Bxf3 16. Qxf3 Qxf3 17. gxf3 Ne5 18. Be2 c5 19. Rhg1 Ng6 20. Bc4 Rd7 21. h4 Kc7 22. Bd5 Nxh4 23. Rxg7 Nxf3 24. Rxf7 1/2-1/2

[Event "Mecklenburg VP-ch"]
[Site "Greifswald"]
[Date "2009.04.09"]
[Round "2.7"]
[White "Reyer, Ulli"]
[Black "Bigalke, Steffen"]
[Result "1-0"]
[WhiteElo "2180"]
[BlackElo "1958"]
[PlyCount "59"]
[EventDate "2009.04.09"]
[EventType "swiss"]
[EventRounds "9"]
[EventCountry "GER"]
[SourceTitle "EXT 2022"]
[Source "ChessBase"]
[SourceDate "2021.10.06"]
[SourceVersion "1"]
[SourceVersionDate "2021.10.06"]
[SourceQuality "1"]

1. e4 c5 2. Nf3 Nc6 3. Bb5 g6 4. 0-0 Bg7 5. Bxc6 bxc6 6. e5 e6 7. Nc3 Ne7 8. Ne4 0-0 9. d3 Nf5 10. Bg5 Qc7 11. Re1 Nd4 12. Nxd4 cxd4 13. Nf6+ Bxf6 14. exf6 Qa5 15. f4 d6 16. Bh6 Re8 17. g4 e5 18. f5 gxf5 19. gxf5 Bxf5 20. Qc1 Qd8 21. Qg5+ Bg6 22. Re4 d5 23. Rg4 e4 24. h4 Re6 25. Bg7 Qd6 26. Rf1 e3 27. Qh6 e2 28. Re1 Qe5 29. Rxg6 fxg6 30. f7+ 1-0

[Event "Mecklenburg VP LL2 Ost 0809"]
[Site "Mecklenburg VP"]
[Date "2009.03.29"]
[Round "9.6"]
[White "Meyer, Jan"]
[Black "Bigalke, Steffen"]
[Result "0-1"]
[WhiteElo "1680"]
[BlackElo "1810"]
[PlyCount "86"]
[EventDate "2008.09.28"]
[EventType "team-tourn"]
[EventRounds "9"]
[EventCountry "GER"]
[SourceTitle "EXT 2022"]
[Source "ChessBase"]
[SourceDate "2021.10.06"]
[SourceVersion "1"]
[SourceVersionDate "2021.10.06"]
[SourceQuality "1"]
[WhiteTeam "Warnemuende SF Ostsee II"]
[BlackTeam "Torgelow Droegeheide"]
[WhiteTeamCountry "GER"]
[BlackTeamCountry "GER"]

1. e4 c5 2. Nf3 Nc6 3. d4 cxd4 4. Nxd4 g6 5. Be3 Bg7 6. Nc3 Nf6 7. Be2 0-0 8. 0-0 d5 9. exd5 Nxd5 10. Nxd5 Qxd5 11. Bf3 Qc4 12. Nxc6 bxc6 13. c3 Rb8 14. Be2 Qd5 15. Qc1 a5 16. Rd1 Qe6 17. Qc2 Qf5 18. Bd3 Qh5 19. Be4 Bf5 20. Bxf5 Qxf5 21. Qxf5 gxf5 22. Rd2 Rfd8 23. Rad1 Rxd2 24. Rxd2 Bxc3 25. Rc2 Bxb2 26. Rxc6 Bd4 27. Bh6 Rb1+ 28. Rc1 Rxc1+ 29. Bxc1 Kg7 30. Kf1 Kf6 31. Ke2 Ke5 32. f3 Kd5 33. Bd2 a4 34. h3 e5 35. g3 e4 36. Bc1 Kc4 37. Bd2 h5 38. fxe4 fxe4 39. g4 hxg4 40. hxg4 Bg1 41. g5 Kd4 42. Ba5 Ke5 43. Kf1 Be3 0-1

[Event "Mecklenburg VP LL2 Ost 0809"]
[Site "Mecklenburg VP"]
[Date "2009.03.15"]
[Round "8.6"]
[White "Bigalke, Steffen"]
[Black "Peters, Hans Joachim"]
[Result "1-0"]
[WhiteElo "1810"]
[BlackElo "1631"]
[PlyCount "93"]
[EventDate "2008.09.28"]
[EventType "team-tourn"]
[EventRounds "9"]
[EventCountry "GER"]
[SourceTitle "EXT 2022"]
[Source "ChessBase"]
[SourceDate "2021.10.06"]
[SourceVersion "1"]
[SourceVersionDate "2021.10.06"]
[SourceQuality "1"]
[WhiteTeam "Torgelow Droegeheide"]
[BlackTeam "Neubrandenburg SV Turbine"]
[WhiteTeamCountry "GER"]
[BlackTeamCountry "GER"]

1. e4 e5 2. Nf3 Nc6 3. Nc3 Bb4 4. Nd5 Bc5 5. Nxe5 Bxf2+ 6. Kxf2 Nxe5 7. d4 Ng6 8. Bc4 c6 9. Nc3 N8e7 10. Rf1 0-0 11. Kg1 d6 12. Be3 b5 13. Bb3 a5 14. a4 b4 15. Ne2 d5 16. Ng3 dxe4 17. Nxe4 Nd5 18. Bxd5 Qxd5 19. Qf3 Ba6 20. Rf2 Rae8 21. Nc5 Qxf3 22. Rxf3 Be2 23. Rg3 f5 24. Bf2 Bc4 25. Re3 Rxe3 26. Bxe3 Re8 27. Re1 Kf7 28. Bf2 Ra8 29. Nb7 Bd5 30. Nd6+ Kf6 31. Ne8+ Kf7 32. Nd6+ Kf6 33. Re8 Ra7 34. c4 bxc3 35. bxc3 Rd7 36. Nc8 Nf4 37. Nb6 Re7 38. Bh4+ g5 39. Bxg5+ Kxg5 40. Rxe7 Kf6 41. Rxh7 Ne2+ 42. Kf2 Nxc3 43. Nxd5+ cxd5 44. Rh6+ Kg5 45. Ra6 Nxa4 46. Rxa5 Nc3 47. Ke3 1-0

[Event "Mecklenburg VP LL2 Ost 0809"]
[Site "Mecklenburg VP"]
[Date "2009.01.18"]
[Round "5.6"]
[White "Schellner, Ulf"]
[Black "Bigalke, Steffen"]
[Result "1-0"]
[WhiteElo "1560"]
[BlackElo "1810"]
[PlyCount "67"]
[EventDate "2008.09.28"]
[EventType "team-tourn"]
[EventRounds "9"]
[EventCountry "GER"]
[SourceTitle "EXT 2022"]
[Source "ChessBase"]
[SourceDate "2021.10.06"]
[SourceVersion "1"]
[SourceVersionDate "2021.10.06"]
[SourceQuality "1"]
[WhiteTeam "Wolgast Motor"]
[BlackTeam "Torgelow Droegeheide"]
[WhiteTeamCountry "GER"]
[BlackTeamCountry "GER"]

1. d4 d6 2. c4 e5 3. d5 f5 4. Nc3 Nf6 5. Qc2 g6 6. e4 Nxe4 7. Nxe4 fxe4 8. Qxe4 Bf5 9. Qe3 Bg7 10. Bd3 0-0 11. Bxf5 Rxf5 12. Ne2 Qh4 13. Ng3 Rf4 14. b3 Nd7 15. 0-0 Nf6 16. Qe2 Rd4 17. Bb2 Rf4 18. h3 Ne4 19. Nxe4 Rxe4 20. Qc2 Qf4 21. Bc1 Qf5 22. Be3 a6 23. Rae1 Rf8 24. f3 Rh4 25. Qxf5 gxf5 26. a4 b5 27. cxb5 axb5 28. f4 bxa4 29. bxa4 Ra8 30. Rc1 Rxa4 31. fxe5 Bxe5 32. Rxf5 Rhc4 33. Rxc4 Rxc4 34. Bh6 1-0

[Event "Mecklenburg VP LL2 Ost 0809"]
[Site "Mecklenburg VP"]
[Date "2008.12.14"]
[Round "4.6"]
[White "Bigalke, Steffen"]
[Black "Ebert, Lutz"]
[Result "0-1"]
[WhiteElo "1810"]
[BlackElo "1745"]
[PlyCount "86"]
[EventDate "2008.09.28"]
[EventType "team-tourn"]
[EventRounds "9"]
[EventCountry "GER"]
[SourceTitle "EXT 2022"]
[Source "ChessBase"]
[SourceDate "2021.10.06"]
[SourceVersion "1"]
[SourceVersionDate "2021.10.06"]
[SourceQuality "1"]
[WhiteTeam "Torgelow Droegeheide"]
[BlackTeam "Guestrow/Teterow"]
[WhiteTeamCountry "GER"]
[BlackTeamCountry "GER"]

1. f4 d5 2. Nf3 c6 3. g3 Nf6 4. Bg2 g6 5. d3 Bg7 6. Nc3 0-0 7. h3 d4 8. Nb1 Nd5 9. Na3 b5 10. 0-0 Bb7 11. Ng5 a6 12. Qe1 e6 13. g4 Bf6 14. Bxd5 Bxg5 15. Bg2 Bh4 16. Qd1 Qc7 17. e4 dxe3 18. Bxe3 Bf6 19. Qc1 Nd7 20. c3 c5 21. Nc2 Bxg2 22. Kxg2 Nb6 23. f5 exf5 24. gxf5 Bh4 25. Rf4 Qc6+ 26. Kg1 g5 27. Rg4 f6 28. Ne1 Bxe1 29. Qxe1 Rae8 30. Qf2 Nd7 31. d4 c4 32. Rg2 Qe4 33. Re1 Qe7 34. Qh4 Qf7 35. Ree2 Nb6 36. Qg3 Nd5 37. h4 Rxe3 38. Rxe3 Nxe3 39. Qxe3 Re8 40. Qg3 h6 41. Kf1 Qd5 42. Rf2 Qh1+ 43. Qg1 Re1+ 0-1

[Event "Mecklenburg VP LL2 Ost 0809"]
[Site "Mecklenburg VP"]
[Date "2008.09.28"]
[Round "1.6"]
[White "Melzer, Georg"]
[Black "Bigalke, Steffen"]
[Result "1/2-1/2"]
[WhiteElo "1652"]
[BlackElo "1810"]
[PlyCount "69"]
[EventDate "2008.09.28"]
[EventType "team-tourn"]
[EventRounds "9"]
[EventCountry "GER"]
[SourceTitle "EXT 2022"]
[Source "ChessBase"]
[SourceDate "2021.10.06"]
[SourceVersion "1"]
[SourceVersionDate "2021.10.06"]
[SourceQuality "1"]
[WhiteTeam "Pasewalk"]
[BlackTeam "Torgelow Droegeheide"]
[WhiteTeamCountry "GER"]
[BlackTeamCountry "GER"]

1. e4 c5 2. Nf3 Nc6 3. d4 cxd4 4. Nxd4 g6 5. Nc3 Bg7 6. Be3 Nf6 7. f3 0-0 8. Bc4 Qb6 9. Bb3 Nxe4 10. Nd5 Qa5+ 11. c3 Bxd4 12. Bxd4 Nc5 13. Bc2 Nd3+ 14. Bxd3 Qxd5 15. Be4 Qe6 16. 0-0 Nxd4 17. Qxd4 Qb6 18. Qxb6 axb6 19. a3 f5 20. Bd5+ e6 21. Bc4 Kf7 22. Rad1 Rd8 23. Rd6 Ke7 24. Rfd1 e5 25. Rxb6 d6 26. Bd5 Ra6 27. Rb4 Rd7 28. g4 f4 29. g5 Rc7 30. Bg8 Bf5 31. Bc4 Ra8 32. Bd5 Ra7 33. Rb6 Ra6 34. Rb4 Ra7 35. Kf2 1/2-1/2

[Event "Ueckermuende op 6th"]
[Site "Ueckermuende"]
[Date "2007.09.02"]
[Round "5"]
[White "Bigalke, Steffen"]
[Black "Lenhardt, Manfred"]
[Result "0-1"]
[WhiteElo "1958"]
[BlackElo "1941"]
[PlyCount "54"]
[EventDate "2007.08.31"]
[EventType "swiss"]
[EventRounds "5"]
[EventCountry "GER"]
[SourceTitle "CBM 120 Extra"]
[Source "ChessBase"]
[SourceDate "2007.11.01"]
[SourceVersion "1"]
[SourceVersionDate "2007.11.01"]
[SourceQuality "1"]

1. e4 e6 2. d4 d5 3. Nc3 Bb4 4. e5 c5 5. a3 Bxc3+ 6. bxc3 Ne7 7. Qg4 Qc7 8. Qxg7 Rg8 9. Qxh7 cxd4 10. Ne2 Nbc6 11. f4 dxc3 12. Qd3 Bd7 13. h4 0-0-0 14. g3 d4 15. h5 Nd5 16. Rb1 f6 17. exf6 Nxf6 18. Bg2 e5 19. Qc4 e4 20. Bh3 Bxh3 21. Rxh3 Qd7 22. Rh1 d3 23. cxd3 exd3 24. Qxc3 Ne4 25. Qc4 d2+ 26. Bxd2 Qxd2+ 27. Kf1 Qe3 0-1

[Event "Ueckermuende op 6th"]
[Site "Ueckermuende"]
[Date "2007.09.01"]
[Round "2"]
[White "Bigalke, Steffen"]
[Black "Betke, Arno"]
[Result "1-0"]
[WhiteElo "1958"]
[BlackElo "1539"]
[PlyCount "83"]
[EventDate "2007.08.31"]
[EventType "swiss"]
[EventRounds "5"]
[EventCountry "GER"]
[SourceTitle "CBM 120 Extra"]
[Source "ChessBase"]
[SourceDate "2007.11.01"]
[SourceVersion "1"]
[SourceVersionDate "2007.11.01"]
[SourceQuality "1"]

1. e4 e6 2. d4 d5 3. Nc3 dxe4 4. Nxe4 Nd7 5. Bd3 Ngf6 6. Qe2 Be7 7. Nf3 Nxe4 8. Bxe4 Nf6 9. Bxb7 Bxb7 10. Qb5+ Nd7 11. Qxb7 0-0 12. Bf4 Bd6 13. Ne5 Nxe5 14. dxe5 Bc5 15. Rd1 Qb8 16. Qxb8 Raxb8 17. b3 Rfd8 18. Ke2 Kf8 19. Be3 Bb6 20. Rxd8+ Rxd8 21. Bxb6 axb6 22. Rd1 Rc8 23. Ke3 Ke7 24. Rd4 h6 25. a4 Ra8 26. Rc4 Rc8 27. b4 Kd7 28. Rc3 Ra8 29. Ra3 Ke7 30. c4 Kd7 31. Kd4 Kc6 32. Ra2 Rd8+ 33. Ke3 Ra8 34. h4 Kd7 35. h5 Kc6 36. g4 Kd7 37. f4 Ke7 38. a5 bxa5 39. Rxa5 Rb8 40. b5 Kd7 41. Ra7 Ke8 42. Rxc7 1-0

[Event "Mecklenburg VP LL1 0607"]
[Site "Mecklenburg VP"]
[Date "2006.10.29"]
[Round "2.7"]
[White "Hoerhold, Martin"]
[Black "Bigalke, Steffen"]
[Result "0-1"]
[WhiteElo "1595"]
[BlackElo "1795"]
[PlyCount "54"]
[EventDate "2006.10.15"]
[EventType "team"]
[EventRounds "9"]
[EventCountry "GER"]
[SourceTitle "EXT 2008"]
[Source "ChessBase"]
[SourceDate "2007.11.25"]
[SourceVersion "1"]
[SourceVersionDate "2007.11.25"]
[SourceQuality "1"]
[WhiteTeam "Neubrandenburg SG Eintracht II"]
[BlackTeam "Torgelow"]
[WhiteTeamCountry "GER"]
[BlackTeamCountry "GER"]

1. e4 c5 2. Nf3 Nc6 3. d4 cxd4 4. Nxd4 g6 5. Be3 Bg7 6. Nc3 Nf6 7. Be2 0-0 8. 0-0 d5 9. exd5 Nxd5 10. Nxd5 Qxd5 11. Bf3 Qc4 12. Nxc6 bxc6 13. b3 Qc3 14. Rc1 Ba6 15. Bd2 Qf6 16. c4 Rad8 17. Qc2 c5 18. Be3 Qb6 19. Rcd1 Bd4 20. Bd2 Bb7 21. Be2 Qf6 22. Qc1 Bb2 23. Qc2 Qe5 24. Rfe1 Be4 25. Bf4 Bxc2 26. Bxe5 Bxd1 27. Bxb2 Bxe2 0-1

[Event "Tierpark op 5th"]
[Site "Ueckermuende"]
[Date "2006.09.03"]
[Round "5"]
[White "Bigalke, Steffen"]
[Black "Springer, Guido"]
[Result "1/2-1/2"]
[WhiteElo "1787"]
[BlackElo "1733"]
[PlyCount "20"]
[EventDate "2006.09.01"]
[EventType "swiss"]
[EventRounds "5"]
[EventCountry "GER"]
[SourceTitle "EXT 2023"]
[Source "ChessBase"]
[SourceDate "2022.10.05"]
[SourceVersion "1"]
[SourceVersionDate "2022.10.05"]
[SourceQuality "1"]

1. e4 e5 2. Nf3 Nc6 3. Nc3 Bb4 4. Nd5 Bc5 5. b4 Nxb4 6. Nxb4 Bxb4 7. c3 Ba5 8. Bc4 Nf6 9. Qb3 Qe7 10. Ba3 c5 1/2-1/2

[Event "Mecklenburg VP LL1 0506"]
[Site "Mecklenburg VP"]
[Date "2006.02.19"]
[Round "7.1"]
[White "Pawlick, Helmut"]
[Black "Bigalke, Steffen"]
[Result "1-0"]
[WhiteElo "1921"]
[BlackElo "1761"]
[PlyCount "71"]
[EventDate "2005.10.23"]
[EventType "team"]
[EventRounds "9"]
[EventCountry "GER"]
[SourceTitle "EXT 2008"]
[Source "ChessBase"]
[SourceDate "2007.11.25"]
[SourceVersion "1"]
[SourceVersionDate "2007.11.25"]
[SourceQuality "1"]
[WhiteTeam "Stralsund FHSG II"]
[BlackTeam "Torgelow II"]
[WhiteTeamCountry "GER"]
[BlackTeamCountry "GER"]

1. e4 c5 2. Nf3 Nc6 3. c3 d5 4. exd5 Qxd5 5. d4 Bg4 6. Be2 cxd4 7. cxd4 Nf6 8. Nc3 Qd8 9. d5 Bxf3 10. Bxf3 Ne5 11. Be2 Qa5 12. Qd4 Ned7 13. 0-0 Qb6 14. Qc4 e6 15. Be3 Qxb2 16. dxe6 fxe6 17. Qxe6+ Be7 18. Bd4 Qb4 19. Nb5 0-0-0 20. Be5 Bc5 21. Rfc1 Rde8 22. Nd6+ Kd8 23. Bxf6+ gxf6 24. Nxe8 Rxe8 25. Qc4 Qb2 26. Bf3 Qxf2+ 27. Kh1 b6 28. Rf1 Qe3 29. Bc6 Ne5 30. Qd5+ Kc7 31. Bxe8 Nd3 32. Rf3 Nf2+ 33. Rxf2 Qxf2 34. Qc6+ Kb8 35. Rd1 Bd4 36. Qd6+ 1-0